00709 2200205 4500001002100000005001500021035002000036007000300056008003900059082001000098084001600108100001600124245021700140260002800357300004100385650001100426650003100437650002200468022001300490INLIS00000000000141920250722084452 a0010-0725000011ta250722 | | |  a631.4 a631.4 YUN a0 aYunxing Wan1 aActive Soil Organic Carbon Pools Decrease with Increased Time since Land -Use Transition from Rice Paddy Cultivation to Areca Nut Plantations under the Long-Term Application of Inorganic Fertilizer /cYunxing Wan aBasel :bMDPI AG,c2024 a1-12 hlm, :bIlus ;c21 cm x 29,7 cm 4aJurnal 4aKarbon Organik Tanah Aktif 4aPerkebunan Pinang a20734395